| Tag |
First Indicator |
Second Indicator |
Subfields |
| LEADER |
00000cam a22000001 4500 |
| 001 |
in00000268607 |
| 005 |
20210123063325.0 |
| 008 |
700415s1968 oncab 00010 eng |
| 010 |
|
|
|a 78367683
|
| 015 |
|
|
|a C***
|
| 035 |
|
|
|a (OCoLC)00043292
|
| 035 |
|
|
|9 ABE4984AM
|
| 037 |
|
|
|c 2.50
|
| 040 |
|
|
|a DLC
|c DLC
|d TXA
|d UtOrBLW
|
| 049 |
|
|
|a TXAM
|c [1071600]
|
| 050 |
0 |
0 |
|a QE185
|b .A44 no. 15
|
| 082 |
0 |
|
|a 557.13/8
|
| 100 |
1 |
|
|a Baird, David M.
|q (David McCurdy),
|d 1920-2019.
|
| 245 |
1 |
0 |
|a Guide to the geology and scenery of the national capital area /
|c [by] David M. Baird.
|
| 264 |
|
1 |
|a Ottawa :
|b Dept. of Energy, Mines and Resources,
|c [1968]
|
| 300 |
|
|
|a v, 188 pages :
|b illustrations (part color), folded color map (in pocket) ;
|c 18 cm.
|
| 336 |
|
|
|a text
|b txt
|2 rdacontent
|
| 337 |
|
|
|a unmediated
|b n
|2 rdamedia
|
| 338 |
|
|
|a volume
|b nc
|2 rdacarrier
|
| 490 |
1 |
|
|a Geological Survey of Canada. Miscellaneous report, 15
|
| 650 |
|
0 |
|a Geology
|z Ontario
|z Ottawa Region.
|
| 830 |
|
0 |
|a Miscellaneous report (Geological Survey of Canada) ;
|v 15.
|
| 999 |
|
|
|a MARS
|
| 999 |
f |
f |
|s 5124767b-56ca-3788-97f5-1092a3443fa4
|i d6ae89ee-a69a-32fe-b47b-042c3aa6c3a5
|t 0
|
| 952 |
f |
f |
|p ric
|a Texas A&M University
|b Rellis Campus
|c Joint Library Facility
|d Remote Storage
|t 0
|e QE185 .A44 no. 15
|h Library of Congress classification
|i unmediated -- volume
|m A14804779705
|
| 998 |
f |
f |
|a QE185 .A44 no. 15
|t 0
|l Remote Storage
|